Interaktívna e-learningová webová aplikácia

Gespeichert in:
Bibliographische Detailangaben
1. Verfasser: Harmady, Miroslav (Verfasst von)
Weitere Verfasser: Bucz, Štefan (Betreuung Doktorarbeit)
Format: Manuskript Buch
Sprache:Slowakisch
Veröffentlicht: 2025
Schlagworte:
Online-Zugang:http://is.stuba.sk/zp/portal_zp.pl?podrobnosti=184383
Tags: Tag hinzufügen
Keine Tags, Fügen Sie das erste Tag hinzu!

MARC

LEADER 00000ntm a22000003a 4500
001 stuzp102117
003 SK-STU
005 20250614211010.1
007 ta
008 150427s2015----xo-----f-mn---000-0-slo-d
040 |a STU  |b slo 
041 0 |a slo 
100 1 |a Harmady, Miroslav  |u 035000  |4 aut  |U FEI Fakulta elektrotechniky a informatiky  |T FEI Ústav informatiky a matematiky  |X 111273  |U E050  |Y 816  |7 111273 
242 0 1 |a Interactive E-learning web application  |y eng 
245 1 0 |a Interaktívna e-learningová webová aplikácia 
260 |c 2025 
650 4 |a Laravel  |2 eng 
650 4 |a Livewire  |2 eng 
650 4 |a SM-2  |2 eng 
650 4 |a Javascript  |2 eng 
650 4 |a PHP  |2 eng 
650 4 |a cryptography  |2 eng 
650 4 |a kryptografia  |2 slo 
650 4 |a Livewire  |2 slo 
650 4 |a Laravel  |2 slo 
650 4 |a SM-2  |2 slo 
650 4 |a Javascript  |2 slo 
650 4 |a PHP  |2 slo 
700 1 |a Bucz, Štefan  |4 ths  |X 17719  |7 A000017719 
856 4 |u http://is.stuba.sk/zp/portal_zp.pl?podrobnosti=184383